<?xml version="1.0" encoding="UTF-8"?><?xml-stylesheet type="text/xsl" href="static/style.xsl"?><OAI-PMH xmlns="http://www.openarchives.org/OAI/2.0/" xmlns:xsi="http://www.w3.org/2001/XMLSchema-instance" xsi:schemaLocation="http://www.openarchives.org/OAI/2.0/ http://www.openarchives.org/OAI/2.0/OAI-PMH.xsd"><responseDate>2026-04-29T12:23:02Z</responseDate><request verb="GetRecord" identifier="oai:repisalud.isciii.es:20.500.12105/26870" metadataPrefix="marc">https://repisalud.isciii.es/rest/oai/request</request><GetRecord><record><header><identifier>oai:repisalud.isciii.es:20.500.12105/26870</identifier><datestamp>2025-09-03T15:41:59Z</datestamp><setSpec>com_20.500.12105_2052</setSpec><setSpec>com_20.500.12105_2051</setSpec><setSpec>col_20.500.12105_19618</setSpec></header><metadata><record xmlns="http://www.loc.gov/MARC21/slim" xmlns:dcterms="http://purl.org/dc/terms/" xmlns:doc="http://www.lyncode.com/xoai" xmlns:xsi="http://www.w3.org/2001/XMLSchema-instance" xsi:schemaLocation="http://www.loc.gov/MARC21/slim http://www.loc.gov/standards/marcxml/schema/MARC21slim.xsd">
   <leader>00925njm 22002777a 4500</leader>
   <datafield ind2=" " ind1=" " tag="042">
      <subfield code="a">dc</subfield>
   </datafield>
   <datafield ind2=" " ind1=" " tag="720">
      <subfield code="a">Cameselle-Lago, Candela</subfield>
      <subfield code="e">author</subfield>
   </datafield>
   <datafield ind2=" " ind1=" " tag="720">
      <subfield code="a">Moreno-Casbas, Teresa</subfield>
      <subfield code="e">author</subfield>
   </datafield>
   <datafield ind2=" " ind1=" " tag="720">
      <subfield code="a">Rico Blázquez, Milagros</subfield>
      <subfield code="e">author</subfield>
   </datafield>
   <datafield ind2=" " ind1=" " tag="720">
      <subfield code="a">González Chordá, Víctor M.</subfield>
      <subfield code="e">author</subfield>
   </datafield>
   <datafield ind2=" " ind1=" " tag="720">
      <subfield code="a">Pedraz-Marcos, Azucena</subfield>
      <subfield code="e">author</subfield>
   </datafield>
   <datafield ind2=" " ind1=" " tag="720">
      <subfield code="a">Sánchez Ruano, Raquel</subfield>
      <subfield code="e">author</subfield>
   </datafield>
   <datafield ind2=" " ind1=" " tag="720">
      <subfield code="a">Cameselle-Lago, Candela</subfield>
      <subfield code="e">author</subfield>
   </datafield>
   <datafield ind2=" " ind1=" " tag="260">
      <subfield code="c">2025-08</subfield>
   </datafield>
   <datafield ind2=" " ind1=" " tag="520">
      <subfield code="a">Este Plan de Gestión de Datos de investigación (PGD) desarrolla el manejo y tratamiento de datos en el Proyecto CUIDAMOS +75: Estudio multicéntrico sobre el impacto de la pandemia por SARS-CoV-2 en los cuidados y estado de salud de las personas de 75 años o más y sus cuidadores. Objetivo: Estudiar el impacto de la pandemia por SARS-CoV-2 en el estado de salud de personas ≥75 en España. Diseño: Estudio con métodos mixtos y tres objetivos secundarios. 1) Estudio longitudinal de cohorte poblacional multipropósito, ambispectiva, con datos de vida real y 6 años de seguimiento; 2) estudio observacional prospectivo de cohortes de 18 meses de seguimiento; 3) estudio cualitativo de abordaje crítico-social. Ámbito: Atención Primaria de 11 Comunidades Autónomas españolas. Población: personas ≥=75 años, adscritas a los centros de salud del ámbito de estudio. Muestra: La cohorte poblacional incluirá el total de la población que cumpla criterios, sobre la estimada de 1.619.620. El tamaño en la cohorte prospectiva estimado es de 1035, reclutados de manera consecutiva por enfermeras clínicas. En el abordaje crítico social la selección será intencional y avanzará hacia muestreo teórico en función del desarrollo emergente. Variables resultado: Cohorte poblacional: diagnósticos e intervenciones enfermeras y uso de servicios; Cohortes prospectivas: mortalidad, calidad de vida (EQ-5D) y capacidad funcional (Barthel). Variable de exposición para cohortes prospectivas: infección positiva registrada en historia clínica por SARS-Cov-2 entre 11/05/2020 y anterior al 01/06/2022. Fuentes: Historia Clínica Electrónica (HCE), entrevista clínica, entrevistas semiestructuradas y grupos de discusión. Análisis: Cohorte poblacional: para estudiar la evolución de diagnósticos e intervenciones se hará un análisis de series temporales. Estudio de cohortes: curvas de supervivencia de Kaplan-Meier para mortalidad y análisis de efectos mixtos para deterioro funcional y calidad de vida. Para estudiar el impacto de la infección sobre las tres variables a los 6, 12 y 18 meses, ajustando por características sociodemográficas y clínicas, se utilizarán modelos de riesgos proporcionales de Cox y modelos mixtos. Estudio cualitativo: análisis temático, semiótico y de posiciones discursivas.</subfield>
   </datafield>
   <datafield ind1="8" ind2=" " tag="024">
      <subfield code="a">Cameselle-Lago, Candela; Moreno-Casbas, María Teresa; Rico Blázquez, Milagros; 2025; "Estudio multicéntrico sobre el impacto de la pandemia por SARS-CoV-2 en los cuidados y estado de salud de las personas de 75 años o más y sus cuidadores (Proyecto CUIDAMOS+75) V2.0 [PGD]"; Instituto de Salud Carlos III (ISCIII). Unidad de Investigación en Cuidados de Salud (Investén); DMPonline; https://hdl.handle.net/20.500.12105/26870; https://dmponline.dcc.ac.uk/plans/126580/export.pdf?export%5Bquestion_headings%5D=true; https://cuidamos75.com/.</subfield>
   </datafield>
   <datafield ind1="8" ind2=" " tag="024">
      <subfield code="a">https://hdl.handle.net/20.500.12105/26870</subfield>
   </datafield>
   <datafield tag="653" ind2=" " ind1=" ">
      <subfield code="a">Envejecimiento</subfield>
   </datafield>
   <datafield tag="653" ind2=" " ind1=" ">
      <subfield code="a">Fragilidad</subfield>
   </datafield>
   <datafield tag="653" ind2=" " ind1=" ">
      <subfield code="a">Gestión de la salud poblacional</subfield>
   </datafield>
   <datafield tag="653" ind2=" " ind1=" ">
      <subfield code="a">Prestación de atención de salud</subfield>
   </datafield>
   <datafield tag="653" ind2=" " ind1=" ">
      <subfield code="a">Aislamiento social</subfield>
   </datafield>
   <datafield tag="653" ind2=" " ind1=" ">
      <subfield code="a">SARS-CoV-2</subfield>
   </datafield>
   <datafield tag="653" ind2=" " ind1=" ">
      <subfield code="a">Personas de 75 años y más</subfield>
   </datafield>
   <datafield tag="653" ind2=" " ind1=" ">
      <subfield code="a">Pandemia</subfield>
   </datafield>
   <datafield tag="653" ind2=" " ind1=" ">
      <subfield code="a">Cuidados de salud</subfield>
   </datafield>
   <datafield tag="653" ind2=" " ind1=" ">
      <subfield code="a">Cuidadores</subfield>
   </datafield>
   <datafield ind2="0" ind1="0" tag="245">
      <subfield code="a">Estudio multicéntrico sobre el impacto de la pandemia por SARS-CoV-2 en los cuidados y estado de salud de las personas de 75 años o más y sus cuidadores (Proyecto CUIDAMOS+75): Plan de Gestión de Datos (PGD) v 2.0</subfield>
   </datafield>
</record></metadata></record></GetRecord></OAI-PMH>